Balas y baile : diario de la señorita Virginia Lazcano A. /

Edición del diario de una mujer perteneciente a la clase media alta de Calpulalpan, Tlaxcala, durante la Revolución mexicana, particularmente los años 1915-1918. Calpulalpan, zona agrícola de fastuosas haciendas y ranchos, fue escenario de operaciones militares de las tropas zapatistas y carrancista...

Повний опис

Збережено в:
Бібліографічні деталі
Автор: Lazcano Arteaga, Virginia (autor)
Інші автори: Martínez C., Alejandro (edición) (edición)
Формат: Книга
Мова:Іспанська
Опубліковано: Calpulalpan, México : edición de autor, 2001, c2001
Предмети:
Теги: Додати тег
Немає тегів, Будьте першим, хто поставить тег для цього запису!

MARC

LEADER 00000nam^a2200000^a^4500
001 000184720
005 20250521000000.0
009 20260310102126.701
037 |a Acervo ITESO - Biblioteca 
041 |a ESP 
082 |a 972. 47061  |b LAZ 
100 |a Lazcano Arteaga, Virginia  |e (autor) 
245 1 0 |a Balas y baile :  |b diario de la señorita Virginia Lazcano A. /  |c V. Lazcano Arteaga ; ed. de A. Martínez C. 
264 4 |a Calpulalpan, México :  |b edición de autor,  |c 2001, c2001 
300 |a 89, [12] p. 
336 |a texto  |b txt  |2 rdacontenido 
337 |a sin mediación  |b n  |2 rdamedio 
338 |a volumen  |b nc  |2 rdasoporte 
520 |a Edición del diario de una mujer perteneciente a la clase media alta de Calpulalpan, Tlaxcala, durante la Revolución mexicana, particularmente los años 1915-1918. Calpulalpan, zona agrícola de fastuosas haciendas y ranchos, fue escenario de operaciones militares de las tropas zapatistas y carrancistas en favor de las primeras. En ella se da cuenta tanto de acontecimientos sociales de la localidad, como de las visitas que la familia recibía por parte de los jefes de los grupos beligerantes y de la vida militar y de combate que se vivía a su alrededor. 
649 |a XX 
650 |a Mujeres Mexicanas -  |x Memorias 
650 |a Calpulalpan, Tlaxcala -  |x Historia -  |y Revolución, 1910-1917 
650 |a México -  |x Historia -  |y Revolución, 1910-1917 
650 |a Calpulalpan, Tlaxcala -  |x Historia -  |y Siglo XX 
650 |a México -  |x Historia -  |y Siglo XX 
650 |a Memorias Mexicanas 
650 |a Literatura Mexicana -  |y Siglo XX 
650 |a Literatura de Mujeres -  |z México 
700 |a Martínez C., Alejandro  |e (edición) 
910 |a Fondo General 
920 |a Impresos - Libros 
930 |a Colección General 
905 |a 101 
901 |a 0500125951  |b IT1  |c ACC  |u 20250521 
902 |a https://opac.biblio.iteso.mx/vufind/Record/000184720